<?xml version="1.0" encoding="UTF-8"?>
<collection xmlns="http://www.loc.gov/MARC21/slim">
 <record>
  <leader>02104nam a22002417a 4500</leader>
  <controlfield tag="001">NCT_4_016749</controlfield>
  <controlfield tag="008">250121b        xxu||||| |||| 00| 0 vie d</controlfield>
  <datafield tag="999" ind1=" " ind2=" ">
   <subfield code="c">8802</subfield>
   <subfield code="d">8802</subfield>
  </datafield>
  <datafield tag="020" ind1=" " ind2=" ">
   <subfield code="a">9786048461621</subfield>
   <subfield code="c">199000</subfield>
  </datafield>
  <datafield tag="082" ind1="0" ind2="4">
   <subfield code="2">23rd ed.</subfield>
   <subfield code="a">658.872</subfield>
   <subfield code="b">Ph431</subfield>
  </datafield>
  <datafield tag="100" ind1="1" ind2=" ">
   <subfield code="a">Trần, Thanh Phong</subfield>
  </datafield>
  <datafield tag="245" ind1="1" ind2="0">
   <subfield code="a">Trên lưng khổng tượng</subfield>
   <subfield code="b">Kinh doanh online trên sàn thương mại điện tử</subfield>
   <subfield code="c">Trần Thanh Phong</subfield>
  </datafield>
  <datafield tag="260" ind1=" " ind2=" ">
   <subfield code="a">Đà Nẵng</subfield>
   <subfield code="b">NXB Đà Nẵng</subfield>
   <subfield code="c">2021</subfield>
  </datafield>
  <datafield tag="300" ind1=" " ind2=" ">
   <subfield code="a">295 tr.</subfield>
   <subfield code="b">Minh họa</subfield>
   <subfield code="c">21 cm</subfield>
  </datafield>
  <datafield tag="520" ind1="3" ind2=" ">
   <subfield code="a">Giới thiệu lộ trình từng bước cho những người mới bắt đầu kinh doanh online trên các sàn thương mại điện tử với các bài học về cách tìm kiếm các sản phẩm phù hợp để bắt đầu kinh doanh; cung cấp nguồn hàng uy tín và chất lượng; các mẹo tăng tương tác tự nhiên cho kênh bán hàng; cách chốt đơn hiệu quả và những chương trình khuyến mại hấp dẫn biến khách hàng trở thành những người bạn thân thiết...</subfield>
  </datafield>
  <datafield tag="653" ind1=" " ind2=" ">
   <subfield code="a">Truyền thông đa phương tiện</subfield>
  </datafield>
  <datafield tag="942" ind1=" " ind2=" ">
   <subfield code="2">ddc</subfield>
   <subfield code="c">BK</subfield>
  </datafield>
  <datafield tag="952" ind1=" " ind2=" ">
   <subfield code="0">0</subfield>
   <subfield code="1">0</subfield>
   <subfield code="2">ddc</subfield>
   <subfield code="4">0</subfield>
   <subfield code="6">658_872000000000000_PH431</subfield>
   <subfield code="7">0</subfield>
   <subfield code="9">30272</subfield>
   <subfield code="a">000001</subfield>
   <subfield code="b">000001</subfield>
   <subfield code="d">2025-01-21</subfield>
   <subfield code="o">658.872 Ph431</subfield>
   <subfield code="p">MD.23537</subfield>
   <subfield code="r">2025-01-21</subfield>
   <subfield code="v">199000.00</subfield>
   <subfield code="w">2025-01-21</subfield>
   <subfield code="y">BK</subfield>
  </datafield>
  <datafield tag="952" ind1=" " ind2=" ">
   <subfield code="0">0</subfield>
   <subfield code="1">0</subfield>
   <subfield code="2">ddc</subfield>
   <subfield code="4">0</subfield>
   <subfield code="6">658_872000000000000_PH431</subfield>
   <subfield code="7">0</subfield>
   <subfield code="9">30273</subfield>
   <subfield code="a">000001</subfield>
   <subfield code="b">000001</subfield>
   <subfield code="d">2025-01-21</subfield>
   <subfield code="o">658.872 Ph431</subfield>
   <subfield code="p">MD.23538</subfield>
   <subfield code="r">2025-01-21</subfield>
   <subfield code="v">199000.00</subfield>
   <subfield code="w">2025-01-21</subfield>
   <subfield code="y">BK</subfield>
  </datafield>
  <datafield tag="952" ind1=" " ind2=" ">
   <subfield code="0">0</subfield>
   <subfield code="1">0</subfield>
   <subfield code="2">ddc</subfield>
   <subfield code="4">0</subfield>
   <subfield code="6">658_872000000000000_PH431</subfield>
   <subfield code="7">0</subfield>
   <subfield code="9">30274</subfield>
   <subfield code="a">000001</subfield>
   <subfield code="b">000001</subfield>
   <subfield code="d">2025-01-21</subfield>
   <subfield code="o">658.872 Ph431</subfield>
   <subfield code="p">MD.23539</subfield>
   <subfield code="r">2025-01-21</subfield>
   <subfield code="v">199000.00</subfield>
   <subfield code="w">2025-01-21</subfield>
   <subfield code="y">BK</subfield>
  </datafield>
  <datafield tag="952" ind1=" " ind2=" ">
   <subfield code="0">0</subfield>
   <subfield code="1">0</subfield>
   <subfield code="2">ddc</subfield>
   <subfield code="4">0</subfield>
   <subfield code="6">658_872000000000000_PH431</subfield>
   <subfield code="7">0</subfield>
   <subfield code="9">30275</subfield>
   <subfield code="a">000001</subfield>
   <subfield code="b">000001</subfield>
   <subfield code="d">2025-01-21</subfield>
   <subfield code="o">658.872 Ph431</subfield>
   <subfield code="p">MD.23540</subfield>
   <subfield code="r">2025-01-21</subfield>
   <subfield code="v">199000.00</subfield>
   <subfield code="w">2025-01-21</subfield>
   <subfield code="y">BK</subfield>
  </datafield>
  <datafield tag="952" ind1=" " ind2=" ">
   <subfield code="0">0</subfield>
   <subfield code="1">0</subfield>
   <subfield code="2">ddc</subfield>
   <subfield code="4">0</subfield>
   <subfield code="6">658_872000000000000_PH431</subfield>
   <subfield code="7">0</subfield>
   <subfield code="9">30276</subfield>
   <subfield code="a">000001</subfield>
   <subfield code="b">000001</subfield>
   <subfield code="d">2025-01-21</subfield>
   <subfield code="l">1</subfield>
   <subfield code="o">658.872 Ph431</subfield>
   <subfield code="p">MD.23541</subfield>
   <subfield code="r">2025-01-21</subfield>
   <subfield code="s">2025-01-21</subfield>
   <subfield code="v">199000.00</subfield>
   <subfield code="w">2025-01-21</subfield>
   <subfield code="y">BK</subfield>
  </datafield>
  <datafield tag="980" ind1=" " ind2=" ">
   <subfield code="a">Thư viện Trường Đại học Nam Cần Thơ</subfield>
  </datafield>
 </record>
</collection>
